000 00789cam a2200229 4500
001 ABS62623
008 000000n2000 000 0 eng u
035 _a(Sirsi) u107305
100 _aKnutt, E.
245 _aLocked in portal combat
260 _c2000
490 _aEstates Gazette
_v(0027) 8 July 2000, 63-67(5)
520 _aFinancial services have capitalised on web opportunities in the property sector. Reports on how some estate agents are fighting back and creating rival services. Looks at some of the most high-profile UK house-selling sites.
590 _aABS
650 _aE-COMMERCE
650 _aHOUSE SALES
650 _aESTATE AGENTS
650 _aFINANCIAL SERVICES
650 _aONLINE SERVICES
690 _aINFORMATION TECHNOLOGY-INTERNET
942 _n0
999 _c64156
_d64156